Acteurs et actrices des années 1940 par images - Statistiques

Statistiques générales
  • Ce quiz a été pris 107 fois
    102 depuis la dernière actualisation
  • Le résultat moyen est 8 sur 20
Statistiques - réponses
Par images Réponse % Correct
Humphrey Bogart
76%
Jean Marais
68%
Orson Welles
58%
Ingrid Bergman
54%
Michèle Morgan
51%
Judy Garland
49%
Arletty
46%
Gary Cooper
46%
Rita Hayworth
44%
Shirley Temple
44%
Gene Kelly
42%
Errol Flynn
31%
Mickey Rooney
31%
Laurence Olivier
29%
Hedy Lamarr
27%
Vivien Leigh
25%
Olivia de Havilland
19%
Joan Fontaine
17%
Barbara Stanwyck
15%
Fredric March
7%
Aucun quiz correspondant
Distribution des résultats
% des personnes avec chaque résultat
Percentile par nombre de réponses
Votre historique - résultats
Vous n’avez pas pris ce quiz depuis la dernière actualisation